Statistiken für Meistgenannte Feinde der USA

Klicken Sie hier um das Quiz zu spielen!

Allgemein

  • Dieses Quiz wurde 4.762 mal gespielt
  • Das Durchschnittsergebnis liegt bei 11 aus 15

Antwortstatistiken

Antwort% Korrekt
Russland
97%
Iran
96%
China
95%
Irak
95%
Nordkorea
91%
Afghanistan
84%
Syrien
81%
Saudi-Arabien
78%
Pakistan
75%
Japan
72%
Kuba
54%
Frankreich
49%
Libyen
42%
Venezuela
34%
die USA selbst
25%

Verteilung der Resultate

Perzentil nach korrekt beantworteten Fragen

Anzahl Personen mit jedem Resultat

Ihre Resultats-Entwicklung

Sie haben dieses Quiz noch nicht gespielt